Bridge my way / (Record no. 128903)

MARC details
000 -LEADER
fixed length control field 00660nam a22002297a 4500
005 - DATE AND TIME OF LATEST TRANSACTION
control field 20170124110048.0
010 ## - LIBRARY OF CONGRESS CONTROL NUMBER
LC control number A-584224
020 ## - INTERNATIONAL STANDARD BOOK NUMBER
Terms of availability 60.00
035 ## - SYSTEM CONTROL NUMBER
System control number A-584224
037 ## - SOURCE OF ACQUISITION
Source of stock number/acquisition Cen Lib/Ret
040 ## - CATALOGING SOURCE
Original cataloging agency DPL
Language of cataloging EN
082 ## - DEWEY DECIMAL CLASSIFICATION NUMBER
Classification number 795.415
Item number ZIA
100 ## - MAIN ENTRY--PERSONAL NAME
Personal name Zia Mahmood
9 (RLIN) 24774
245 ## - TITLE STATEMENT
Title Bridge my way /
Statement of responsibility, etc by Zia Mahmood;edted by Philip Alder
260 ## - PUBLICATION, DISTRIBUTION, ETC. (IMPRINT)
Place of publication, distribution, etc Calcutta
Name of publisher, distributor, etc Rupa & Co.
Date of publication, distribution, etc 1992
270 ## - ADDRESS
Address 15, Bankim Chatterjee Street
City Calcutta
Postal code 700073
300 ## - PHYSICAL DESCRIPTION
Extent viii,190p.
Dimensions 19cm(Hb)
650 ## - SUBJECT ADDED ENTRY--TOPICAL TERM
Topical term or geographic name as entry element Bridge
9 (RLIN) 24775
650 ## - SUBJECT ADDED ENTRY--TOPICAL TERM
Topical term or geographic name as entry element Contract - Bridge
9 (RLIN) 24776
700 ## - ADDED ENTRY--PERSONAL NAME
Personal name Alder, Philip
9 (RLIN) 107368
942 ## - ADDED ENTRY ELEMENTS (KOHA)
Source of classification or shelving scheme Dewey Decimal Classification
Koha item type English Books
Classification part 795.415
Call number suffix ZIA
Holdings
Withdrawn status Lost status Damaged status Not for loan Home library Current library Date acquired Source of acquisition Cost, normal purchase price Total Checkouts Full call number Barcode Date last seen Copy number Cost, replacement price Price effective from Koha item type Public note
Written off       Central Library Central Library 03/07/2015 Cen Lib/Ret 60.00   795.415 ZIA A-584224 03/07/2015 1 60.00 03/07/2015 English Books W/d List 8135/15; dtd 21/2/17

© Delhi Public Library
Hit Counter
free hit counter